000 00654nam a22002177a 4500
001 87611
003 UA-OsUOA
005 20211016142740.0
007 ta
008 20120920b un ||||| |||| 00| 0 ukr d
040 _aUA-OsUOA
_brus
_cUA-OsUOA
_dUA-OsUOA
041 _arus
080 _a94 (47+571)
090 _a94 (47+571)
_bИ 89
245 _aИсторическийсборник Вольной русской типографии в Лондоне А. И. Герцена и Н. П. Огарева
_nкн. 1
_p1859
260 _aМ.
_bНаука
_c1971
300 _a164 с.
650 7 _a94 Історія
_2UDC
942 _cBK
_2udc
955 _a1
999 _c373881
_d373881